-
Pastor Ridruejo, José A.,
Entrada Nombre personal
Número de registros utilizados en: 3
001 - NÚMERO DE CONTROL
003 - IDENTIFICADOR DEL NÚMERO DE CONTROL
- campo de control:
DR-UNIBE
005 - FECHA Y HORA DE LA ÚLTIMA TRANSACCIÓN
- campo de control:
20250606101959.0
008 - DATOS DE LONGITUD FIJA
- campo de control de longitud fija:
250606|| aca||aabn | a|a d
040 ## - FUENTE DE LA CATALOGACIÓN
- Centro catalogador/agencia de origen:
DR-UNIBE
- Centro/agencia transcriptor:
DR-UNIBE
100 ## - ENCABEZAMIENTO-NOMBRE DE PERSONA
- Nombre de persona:
Pastor Ridruejo, José A.,
- Forma completa/desarrollada del nombre:
(Pastor Ridruejo, José Antonio),
- Fechas asociadas al nombre:
1932-
670 ## - FUENTE DE DATOS ENCONTRADOS
- Cita de la fuente:
Work cat.: (DR-UNIBE)113740: Pastor Ridruejo, José A., (Pastor Ridruejo, José Antonio), 1932- autor, Curso de derecho internacional público y organizaciones internacionales /, 2023